000 00978nam a2200253Ia 4500
003 GCL
008 140319s9999 xx 000 0 ara d
040 _aGCL /
_cGCL
082 0 4 _a370.1
_bع ف
100 1 _aعبدالامير ز. شمس الدين
245 1 0 _aالفكر التربوى عند ابن المقفع * الجاحظ * عبدالحميد الكاتب /
_cعبدالامير ز. شمس الدين
250 _aالاولى
260 _aبيروت :
_bالشركة العالمية للكتاب ش م ل ،
_c1991
300 _a405 ص ؛
_c26 سم
490 _aموسوعة التربية والتعليم الاسلامية
_v0
650 0 4 _aالادب العربى
650 0 4 _aالادب
650 0 4 _aالادباء
650 0 4 _aالادب العالمى
650 0 4 _aعبدالحميد الكاتب
650 0 4 _aابن المقفع
650 0 4 _aالجاحظ ،ابى عثمان عمرو بن بحر بن محبوب
942 _2ddc
_cBK
999 _c42446
_d42446